Statistics for Top 15 Countries with Covid-19 Cases - 16 March 2022

Click here to take the quiz!

General Stats

  • This quiz has been taken 19 times
  • The average score is 17 of 29

Answer Stats

country% Correct
United States
100%
United Kingdom
94%
India
89%
Russia
89%
Brazil
83%
France
83%
Germany
83%
Italy
83%
Spain
83%
Argentina
72%
Portugal
72%
Turkey
67%
Belgium
61%
Netherlands
61%
Netherlands
61%
Switzerland
56%
Austria
50%
Czechia
44%
Iran
44%
Denmark
33%
Estonia
33%
Latvia
33%
Lithuania
33%
South Korea
33%
Israel
28%
Vietnam
28%
Slovenia
22%
Bahrain
17%
Georgia
17%

Score Distribution

Percentile by Number Answered

Percent of People with Each Score

Your Score History

You have not taken this quiz